LEADER 00507nas a2200169 i 4500 001 000000192938 003 CaOOAMICUS 005 20101006000000.0 008 101006b1876 it uu u0 0ita r 013 $a171576 040 $aSeMil$bita 245 10$a[1876 :$b2]. 774 0 $t[Luglio-Dicembre].$w()268735 850 $aSeMil 852 $aSeMil$W1$xVenegono$y1$m111 1 8$j143512$B143512$CSeMilBibl$Z2$F155017 $82 961 $aRecupero: Scuola Cattolica 996 $6245$a[1876 :$b2]$9(OLS)http://semarc/title/278134 LEADER 01138nam a2200253 i 4500 001 000000366478 003 CaOOAMICUS 005 20260218111449.0 008 260218s2023 it u000 u ita u 020 $a978-88-372-3710-3 040 $aSeMil$bita 100 1 $aSacchi, Paolo,$d<1930- >.$0(OLS)http://semarc/name/379 245 00$aGesł figlio dell'uomo :$bleggendo Marco /$cPaolo Sacchi. 264 1$aBrescia :$bMorcelliana,$c2023. 300 $a85 p. ;$c19 cm. 490 0 $aIl pellicano rosso. Nuova serie ;$v348 650 04$aBibbia. Nuovo Testamento. Vangelo secondo Marco - Commentari, studi, critica, interpretazioni.$0(OLS)http://semarc/subject/143 830 3$aIl pellicano rosso. Nuova serie ;$v348.$0(OLS)http://semarc/title/11366 850 $aSeMil 852 $aSeMil$W1$xVenegono$y1$m2LA V 348$j267284$B257218$CSeMilBibl$Z2$F257218 $81 996 $6020$a978-88-372-3710-3$9(OLS)http://semarc/number/305322 996 $6245$aGesł figlio dell'uomo :$bleggendo Marco$9(OLS)http://semarc/title/458222 996 $6264$aBrescia :$bMorcelliana$9(OLS)http://semarc/publisher/29629